Statistics for Top 15 Countries with Covid-19 Deaths - 10 Apr 2021

Click here to take the quiz!

General Stats

  • This quiz has been taken 26 times
  • The average score is 16 of 24

Answer Stats

country% Correct
United States
100%
Russia
96%
United Kingdom
96%
Brazil
92%
Italy
92%
Spain
92%
France
88%
India
88%
Germany
83%
Mexico
79%
Argentina
75%
Poland
71%
Portugal
71%
Colombia
63%
Peru
63%
Czechia
58%
Iran
58%
Belgium
54%
Hungary
54%
Slovakia
50%
Slovenia
46%
Bulgaria
33%
North Macedonia
21%
Bosnia and
Herzegovina
17%

Score Distribution

Percentile by Number Answered

Percent of People with Each Score

Your Score History

You have not taken this quiz